| 000 | 02798nam a2200745 i 4500 | ||
|---|---|---|---|
| 001 | 991053149343705066 | ||
| 003 | NyNyJPI | ||
| 005 | 20260413194605.0 | ||
| 008 | 250711s2025 pl |001 m pol c | ||
| 009 | b1000006186074 | ||
| 015 | _aUWD 2025/23626 | ||
| 020 |
_a9788383763705 _q(oprawa miękka ; _qIPN) : _czł 60 |
||
| 020 |
_z9788367587273 _q(ponownie nadany ; _qFRSE) |
||
| 035 | _a(PL)b1000006186074 | ||
| 035 | _a(EXLNZ-48OMNIS_NETWORK)9914845280505606 | ||
| 040 |
_aWA M _cWA M _dGD U _dWR U _dTOR U _dLUBL U |
||
| 045 | 2 |
_bd1939 _bd1945 |
|
| 046 |
_k2025 _o1939 _p1945 |
||
| 080 |
_81.1\x _a821.162.1(091)-1"19" |
||
| 080 |
_81.2\x _a821.162.1-1 |
||
| 080 |
_81.3\x _a821.162.1-92 |
||
| 084 | _a01 | ||
| 100 | 1 |
_aUrbanowski, Maciej _d(1965- ) _eAutor |
|
| 245 | 1 | 0 |
_aPoezja pokolenia wojennego : _besej monograficzny / _cMaciej Urbanowski ; [redakcja naukowa prof. dr hab. Krzysztof Dybciak, prof. dr hab. Janusz Gruchała]. |
| 260 |
_aWarszawa : _bFundacja Rozwoju Systemu Edukacji : _bWydawnictwo Instytutu Pamięci Narodowej, _c2025. |
||
| 300 |
_a607, [1] strona ; _c21 cm. |
||
| 336 |
_aTekst _btxt _2rdacontent |
||
| 337 |
_aBez urządzenia pośredniczącego _bn _2rdamedia |
||
| 338 |
_aWolumin _bnc _2rdacarrier |
||
| 380 | _aKsiążki | ||
| 380 | _aLiteratura faktu, eseje, publicystyka | ||
| 380 | _aPoezja | ||
| 380 | _aPublikacje naukowe | ||
| 385 |
_mPrzynależność kulturowa _aLiteratura polska |
||
| 388 | 1 | _a1901-2000 | |
| 388 | 1 | _a1939-1945 | |
| 388 | 2 | _a2001- | |
| 490 | 1 | _aLiteratura i Pamięć | |
| 500 | _aNa stronie redakcyjnej błędnie przypisany ISBN FRSE. | ||
| 500 | _aNa stronie tytułowej i okładce: Program Wspierania Pamięci Narodowej. | ||
| 500 | _aW aneksie manifesty i utwory poetyckie. | ||
| 504 | _aBibliografia, netografia na stronach 551-575. Indeks. | ||
| 648 | 7 |
_a1901-2000 _2DBN |
|
| 648 | 7 |
_a1939-1945 _2DBN |
|
| 650 | 7 |
_aII wojna światowa (1939-1945) _2DBN |
|
| 650 | 7 |
_aLiteratura polska _2DBN |
|
| 650 | 7 |
_aPoezja _2DBN |
|
| 650 | 7 |
_aPokolenie literackie _2DBN |
|
| 650 | 7 |
_aTematy i motywy _2DBN |
|
| 650 | 0 |
_aPolish literature _y20th century _xHistory and criticism |
|
| 650 | 0 |
_aPolish poetry _y20th century _xHistory and criticism |
|
| 650 | 0 |
_aWorld War, 1939-1945 _xLiterature and the war |
|
| 655 | 7 |
_aAntologia _2DBN |
|
| 655 | 7 |
_aManifest literacki _2DBN |
|
| 655 | 7 |
_aMonografia _2DBN |
|
| 655 | 7 |
_aWiersze _2DBN |
|
| 658 | _aHistoria | ||
| 658 | _aLiteraturoznawstwo | ||
| 700 | 1 |
_aDybciak, Krzysztof _d(1948- ) _eRedakcja |
|
| 700 | 1 |
_aGruchała, Janusz Stanisław _d(1954- ) _eRedakcja |
|
| 710 | 2 |
_aFundacja Rozwoju Systemu Edukacji _eWydawca _4pbl |
|
| 710 | 2 |
_aWydawnictwo Instytutu Pamięci Narodowej _eWydawca _4pbl |
|
| 830 | 0 | _aLiteratura i Pamięć | |
| 942 |
_2z _cBK _n0 |
||
| 999 |
_c91110 _d91110 |
||